Tarnowskie Góry - quiz wielokrotnego wyboru - Statystyki

Ogólne statystyki
  • Ten quiz został rozwiązany 23 razy
  • Średni wynik to 6 z 10
Statystyki odpowiedzi
Zagadnienie Odpowiedź % Poprawnych
Które z tych zdjęć przedstawia Tarnowskie Góry?
95%
Jak nazywa się dzwonnica w mieście? Dzwonnica Gwarków
95%
Z którym z tych miast graniczą Tarnowskie Góry? Bytom
89%
Jak Tarnowskie Góry były nazywane po niemiecku? Tarnowitz
89%
Czego zabytkowa kopalnia znajduję się w Tarnowskich Górach? Ołowiu, srebra i cynku
84%
Jak nazywa się północna dzielnica miasta? Pniowiec
53%
Która z tych rzek NIE płynie przez miasto? Brynica
47%
W którym roku powyższa została wpisana na listę UNESCO? 2017
32%
Jak nazywała się pierwsza w mieście średnia szkoła ogólnokształcąca? Królewskie Gimnazjum Realne
32%
Jak nazywa się pierwszy honorowy obywatel Tarnowskich Gór? Paul von Hindenburg
21%
Nie znaleziono quizów pasujących do podanych kryteriów
Rozkład punktacji
Procent ludzi z każdym wynikiem
Percentyl według liczby udzielonych odpowiedzi
Twoja historia wyników
Nie rozwiązałeś tego quizu